| 000 | 00440nam a2200157 4500 | ||
|---|---|---|---|
| 001 | 132418 | ||
| 003 | ES-MaACL | ||
| 005 | 20230906194156.0 | ||
| 007 | t| | ||
| 008 | 070214n19601969sp r ||||1| spa d | ||
| 100 | 1 |
_aRollin, Edmundo. _999189 |
|
| 245 | 1 | 0 |
_aTratado de panaderĂa y pastelerĂa / _cEdmundo Rollin. |
| 260 |
_aBarcelona : _bSintes, _c[196_?] |
||
| 300 |
_a685 p. : _bil. ; _c22 cm. |
||
| 852 |
_aES-MaACL _jC-10268 _bR.38306 |
||
| 999 |
_c132418 _d132418 |
||